00495cam a22001451 450000100100000000500170001000800410002704000250006810000260009324500970011926000390021630000260025565000440028165000240032500001282220200929163100.0850515s1963 ck 000 0 spa  aDO-SdBNPbspacBNPHU1 aTobon Mejia, Aurelio.10aDisolucion de matrimonios no sacramentales por la potestad ministerial del romano pontifice. aBogota, :bEditorial Temis,c1963. axiv, 186 p. ;c24 cm. 0aDivorcexLaw and legislationzColombia. 0aDivorce (canon law)